| 000 | 00593nam a2200205 4500 | ||
|---|---|---|---|
| 003 | OSt | ||
| 005 | 20260601171007.0 | ||
| 008 | 260506b\\\\\\\\||||||||\||||\00|\0\eng\d | ||
| 020 | _a0811818934 | ||
| 040 |
_aICI _bspa _cICI |
||
| 050 |
_aNK2115 _b.L66 |
||
| 100 | 1 |
_aLevick, Melba _932427 |
|
| 245 | 1 |
_aMexicolor _b The spirit of mexican design _cMelba Levick Tony Cohan Masako Tkahashi |
|
| 264 |
_bChronicle Books _c1998 _aSan Francisco, CA. |
||
| 300 | _a176 páginas | ||
| 336 |
_atexto _2rdacontent |
||
| 337 |
_asin medio _2rdamedia |
||
| 338 |
_avolumen _2rdacarrier |
||
| 942 |
_2ddc _cB _n1 |
||
| 999 |
_c20316 _d20316 |
||